000
00244nam a2200097Ia 4500
001
1220795
005
20250827092817.0
008
250824s9999 xx 000 0 und d
245
0
_a
NE OKURSAN O OLUR
_c
ROBERT DIYANNI
260
_b
ANTRE YAYINCILIK
999
_c
1220795
_d
1220795